| 000 | 01511nam a2200361 i 4500 | ||
|---|---|---|---|
| 003 | EG-GICUC | ||
| 005 | 20260430062624.0 | ||
| 008 | 260430s1966 fr ||||fr|||| 001 0 fre d | ||
| 040 |
_aEG-GiCUC _bfre _cEG-GiCUC _dEG-GiCUC _erda |
||
| 041 | 1 | _afre | |
| 082 | 0 | 4 |
_221 _a343.6 _bSU . P |
| 092 | 0 | 4 | _221 |
| 099 | _aLaw1 10 343.6 SU . P 1966 | ||
| 100 | 1 |
_aSutherland, Edwin H _eAuteur |
|
| 245 | 1 | 0 |
_aPrin Cipes De Criminologie / _cEdwin H. Sutherland, Donald R. Cressey; Avant-propos Et Introduction De Marc Ancel; Ouvrage Publié Sous Les Auspices Du Centre Français De Droit Comparé. |
| 264 | 1 |
_aParis : _bÉdition S Cujas, _c1966. |
|
| 300 |
_a662 pages, _c24 cm |
||
| 336 |
_2rda content _atext |
||
| 337 |
_2rda media _aComputer |
||
| 338 |
_2rda carrier _aOnline Resource |
||
| 500 | _aVersion française établic sur de Principles of Criminology par la Section de droit pénal et de science criminelle de l' Institut de droit comparé le texte de la sixième édition de l'Univers ité de Paris | ||
| 504 | _aComprend des références bibliographiques et un index. | ||
| 546 | _aTexte en français | ||
| 650 | 1 | 4 |
_aالقانون الجنائي _2qrmak |
| 650 | 1 | 4 |
_aCriminal law _2qrmak |
| 651 | 1 | _2qrmak | |
| 700 | 1 |
_aAncel, Marc _eContributeur |
|
| 700 | 1 |
_aCressey, Donald R _eCo-Auteur |
|
| 710 | 2 |
_aLes Auspices Du Centre Français De Droit Comparé _eContributeur |
|
| 856 | 4 | 0 | _uhttps://fll.law.cu.edu.eg/fulltext/bks/B10-11039.pdf |
| 905 | _a48 | ||
| 942 |
_2ddc _cBK _e21 _n0 |
||
| 999 |
_c74363 _d74363 |
||